Responses for Show #4963 - Wednesday, March 22, 2006

Contestants

[<< previous game]

Dave Binnig, a bartender from Portland, Oregon

Mary LoSardo, a retired executive, now web site designer from Bayonne, New Jersey

Patricia DiMaggio, a school registrar from Maynard, Massachusetts (whose 1-day cash winnings total $14,001)

[next game >>]

Jeopardy! Round responses

THE EXODUS FILES
"F"OOD STUFF
COLORFUL RHYME TIME
THE MEDAL OF FREEDOM, CLASS OF '05
ARE YOU BEING SERBED?
BORN TO RUN
    $200 7
Sinai

Dave
    $200 1
fudge

Patricia
    $200 6
a yellow fellow

Dave
    $200 21
(Alan) Greenspan

Dave
    $200 26
Yugoslavia

Patricia
    $200 16
Jesse Owens

Patricia
    $400 8
the Ten Commandments

Patricia
    $400 2
(Patricia: Uh, what i--uh, what is buckwheat?)
(Mary: What is velvet?)

flannel cakes

PatriciaMary
Triple Stumper
    $400 12
a black sack

Dave
    $400 22
Rwanda

Dave
    $400 27
(Patricia: What is--what is Herzegovina?)

Kosovo

Patricia
Triple Stumper
    $400 17
Rickey Henderson

Mary
    $600 9
manna

Patricia
    $600 3
(Mary: What is fettuccine?)

fusilli

Mary
Triple Stumper
    $600 13
(Alex: Oh, yes, and you got it in just--just before the signal.)
(Dave: Thank you.)

a green bean

Dave
    $800 23
(Dave: I have no idea. Who is, uh, Diana Ross?)

Aretha Franklin

Dave
    $600 28
Belgrade

Patricia
    $600 18
Archie Griffin

Triple Stumper
    $800 10
the Canaanite

Mary
    $800 4
filbert

Mary
    $800 14
a red fed

Dave
    $800 24
(Mary: Who is Ronald Reagan?)
...
(Alex: Who is [*]? "Good day.")

Paul Harvey

Mary
Triple Stumper
    $800 29
the Ottoman Empire

Patricia
    $800 19
Secretariat

Mary
    $1000 11
Aaron

Dave
    $1000 5
(Alex: Close to Pinocchio, but [*]. [*].)

Finocchio

Triple Stumper
    $1000 15
(Alex: [*]? Who knew [*]?)

a blue gnu

Dave
    $1000 25
General Richard Myers

Triple Stumper
    $1000 30
(Alex: One of the major rivers of Europe, [*]--the beautiful [*].)

the Danube

Triple Stumper
    $1000 20
(Byron "Whizzer") White

Mary

Scores at the first commercial break (after clue 15):

Patricia Mary Dave
$800 $600 $4,200

Scores at the end of the Jeopardy! Round:

Patricia Mary Dave
$2,200 $2,000 $4,000

Double Jeopardy! Round responses

THE FOREST
LADY LOOKS LIKE A DUDE
ALSO A CAR
A LITERARY TOUR
"J" WALKING
BORN TO RUN?
    $400 8
(Patricia: What is deforestation?)

clear cutting

PatriciaDave
    $400 12
Gwyneth Paltrow

Patricia
    $400 26
an Eclipse

Dave
    $400 1
Dickens

Dave
    $400 6
jeopardy

Mary
    $400 17
(Adlai) Stevenson

Patricia
    $800 9
germinate

Triple Stumper
    $800 13
Julie Andrews

Mary
    $800 28
Dodge (Escape accepted)

Patricia
    $800 2
(Victor) Hugo

Dave
    $800 7
Janus

Dave
    $800 18
(Stephen) Douglas

Dave
    $1200 10
the canopy

Dave
    $1200 14
(Patricia: Who is... I can see her face, but...)
(Alex: Yeah, I can too. Mary?)
(Mary: Who is [*]?)
(Alex: Yes. You were seeing her face, also!)

Hilary Swank

PatriciaMary
    $1200 29
a Cooper

Mary
    $1200 3
Eugene O'Neill

Mary
    $1200 20
Joy Division

Dave
    $2,400 23
Ronald Reagan

Mary
    $1600 11
(Alex: [*], yes, cones.)

coniferous

Mary
    $1600 15
Virginia Woolf

Mary
    $1600 27
(Alex: [*], yes indeed, a Honda [*].)

an Element

Mary
    $2,800 4
James Joyce

Mary
    $1600 21
Junky

Triple Stumper
    $1600 24
(Dave: Uh, who is Ventura?)

(Harold) Stassen

MaryDave
    $2000 19
old growth

Dave
    $2000 16
Felicity Huffman

Patricia
    $2000 30
(Alex: [*], yes, Toyota makes the [*].)

Avalon

Dave
    $2000 5
Sweden

Mary
    $2000 22
(Alex: Correct--that should have been in LADY LOOKS LIKE A DUDE category.)
[ERRATUM: The headline of the Daily News actually read "EX-GI BECOMES BLONDE BEAUTY".]

Christine Jorgensen

Mary
    $2000 25
(Dave: Who is Rockefeller?)

Samuel Tilden

Dave
Triple Stumper

Scores at the end of the Double Jeopardy! Round:

Patricia Mary Dave
$4,200 $22,400 $10,400
(lock game)

[wagering suggestions for these scores]

Final Jeopardy! Round responses

U.S. STATES
(Alex: No, when you think of Poa, you should think of grass, and [*] is known as the "Bluegrass State".)
PatriciaWhat is Missouri?
$2,800
DaveWhat is
$1,999
MaryWhat is Oklahoma?
$1,600
Kentucky

Final scores:

Patricia Mary Dave
$1,400 $20,800 $8,401
3rd place: $1,000 New champion: $20,800 2nd place: $2,000

Game dynamics:

Coryat scores:

Patricia Mary Dave
$4,200 $20,000 $11,200
11 R,
4 W
18 R
(including 2 DDs),
3 W
19 R,
3 W
(including 1 DD)

Combined Coryat: $35,400

[game clues] [game scores] [suggest correction]

Game tape date: Unknown
The J! Archive is created by fans, for fans. Scraping, republication, monetization, and malicious use prohibited; this site may use cookies and collect identifying information. See terms. The Jeopardy! game show and all elements thereof, including but not limited to copyright and trademark thereto, are the property of Jeopardy Productions, Inc. and are protected under law. This website is not affiliated with, sponsored by, or operated by Jeopardy Productions, Inc. Join the discussion at JBoard.tv.